Distribution par images - J'accuse - Statistiques

Statistiques générales
  • Ce quiz a été pris 18 fois
  • Le résultat moyen est 3 sur 9
Statistiques - réponses
Par images Hint Réponse % Correct
Marie-Georges Picquart Jean Dujardin
100%
Alfred Dreyfus Louis Garrel
47%
Hubert Henry Grégory Gadebois
41%
Pauline Monnier Emmanuelle Seigner
35%
Armand du Paty de Clam Michel Vuillermoz
35%
Georges-Gabriel de Pellieux Laurent Stocker
24%
Alphonse Bertillon Mathieu Amalric
24%
Jean-Baptiste Billot Vincent Grass
18%
Auguste Mercier Wladimir Yordanoff
18%
Aucun quiz correspondant
Distribution des résultats
% des personnes avec chaque résultat
Percentile par nombre de réponses
Votre historique - résultats
Vous n’avez pas pris ce quiz